000 00888nam a2200241 a 4500
008
049 _aMAIN
090 _aH62 BLA
110 2 _aBlair Research Institute.
245 0 0 _aBlair research institute annual report 1996:
_bincorporating the Blair and de Beers research laboratories/
_cBlair Research Institute.
246 _aIncorporating the Blair and De Beers research laboratories.
260 _aHarare :
_bBlair Research Institute.,
_c1996.
300 _a220 p. :
_bcol. ill. ;
_c30 cm.
580 _aIncludes bibliographical references.
650 0 _aResearch programmes
_zZimbabwe.
610 2 0 _aBlair and De Beers research laboratories.
730 0 _aAnnual report (Blair Research Institute).
907 _a.b10221359
_b04-01-07
_c29-11-06
003
005 20230123134309.0
040 _cNUST
942 _cBOOKS
_kH62 BLA
999 _c163435
_d163435